Visualizzazione normale
Vista MARC
- politica-familiare
di Topical Term
Records bibliografici associati: 64
001 - CONTROL NUMBER
- control field: 56074
003 - CONTROL NUMBER IDENTIFIER
- control field: IT-RoPau
005 - DATE AND TIME OF LATEST TRANSACTION
- control field: 20161219121743.0
008 - FIXED-LENGTH DATA ELEMENTS
- fixed length control field: 161219|| aca||aabn | a|a d
040 ## - CATALOGING SOURCE
- Original cataloging agency: IT-RoPau
- Transcribing agency: IT-RoPau
150 ## - HEADING--TOPICAL TERM
- Topical term or geographic name entry element: politica-familiare
670 ## - SOURCE DATA FOUND
- Source citation: Work cat.: (IT-RoPau): Pesenti Luca 56073, Politiche sociali e sussidiarietà, 2008